00452 2200181 4500001002100000005001500021035002000036008004100056245004800097100002400145250000600169260003600175300001100211084001400222082000800236650001400244990001200258INLIS00000000000018420240502022659 a0010-0424000160240502 0 ind 1 aCerdas Menjaga Etiket /cS.R.Dida Yugantara aYugantara, S.R.Dida a1 aBandung :bPustaka Sunda,c2009 a58 hlm a300 DID c a300 4aNon Fiksi a0732470